How to solve it : a new aspect of mathematical method
Αποθηκεύτηκε σε:
| Κύριος συγγραφέας: | |
|---|---|
| Μορφή: | Βιβλίο |
| Γλώσσα: | English |
| Δημοσίευση: |
Princeton, N.J. :
Princeton University Press,
[1971, c1957]
|
| Έκδοση: | 2d ed. |
| Σειρά: | Princeton paperbacks ;
no. 246 |
| Θέματα: | |
| Ετικέτες: |
Προσθήκη ετικέτας
Δεν υπάρχουν, Καταχωρήστε ετικέτα πρώτοι!
|
MARC
| LEADER | 00000cam a2200000 i 4500 | ||
|---|---|---|---|
| 001 | 1/84157 | ||
| 008 | 981002s1985 uk | ||| |||| ||eng|| | ||
| 020 | |a 0691023565 | ||
| 035 | |l 10034375 | ||
| 035 | |a 1991 |b 1 |c Φιλίππου | ||
| 040 | |a GR-MyUa |b |e AACR2 | ||
| 041 | 0 | |a eng | |
| 082 | 7 | |a 510.7 |2 (23) | |
| 100 | 1 | |a Polya, George, |d 1887-1985. | |
| 245 | 1 | 0 | |a How to solve it : |b a new aspect of mathematical method / |c [by] G. Polya. |
| 250 | |a 2d ed. | ||
| 260 | |a Princeton, N.J. : |b Princeton University Press, |c [1971, c1957] | ||
| 300 | |a xxi, 253 σ. : |b εικ. ; |c 21 εκ. | ||
| 490 | 1 | |a (Princeton paperbacks ; |v no. 246) | |
| 504 | |a Περιέχει βιβλιογραφικές παραπομπές. | ||
| 650 | 0 | 0 | |a Mathematics |x Study and teaching. |
| 650 | 0 | 0 | |a Mathematics |x Problems, exercises, etc. |
| 767 | 0 | 8 | |i Μεταφρασμένο ως: |t Πώς να το λύσω; / |
| 830 | 0 | |a Princeton paperbacks ; |v no. 246 | |
| 852 | |a INST |b RHODES |e 19981002 |h 510.7 POL |p 005400001683 |q 005400001683 |t BK |y 0 | ||
| 970 | |z 1998/01/02 | ||